| 000 | 00792nam a2200277Ia 4500 | ||
|---|---|---|---|
| 003 | OSt | ||
| 005 | 20221002051427.0 | ||
| 006 | a|||||r|||| 00| 0 | ||
| 007 | ta | ||
| 008 | 220930b |||||||| |||| 00| 0 eng d | ||
| 024 | _a27597 | ||
| 037 | _cReference Collections | ||
| 040 |
_aCRL _cCRL _beng |
||
| 041 |
_2eng _aeng |
||
| 082 | _aB311, M1(RR) | ||
| 100 | _aRalston Anthony | ||
| 245 | 0 | _aFirst course in numerical analysis | |
| 250 | _a2nd | ||
| 260 |
_aBoston _bMcgraw - Hill _c1981 |
||
| 300 |
_a556p _ccm. |
||
| 500 | _a( International series in pure and applied mathematics ). | ||
| 650 | _aMATHEMATICS | ||
| 700 | _a Rabinowitz Philip | ||
| 942 |
_hB311, M1(RR) _cref _2CC |
||
| 999 |
_c916854 _d916854 |
||